00613nam a2200181 i 450000100060000000300090000600500170001500700030003200800410003510000320007624500630010825000120017126000430018330000350022685200320026199900170029395201210031055347ES-MaACL20250829063112.0t|030918s1957 fr ||||1| fre d1 aDenis-Papin, Maurice94370810aElectrotechnique générale / cpar Maurice Denis-Papin. a5ª ed. aParis : bDunod, c1957 (eMontligeon) aXXXI, 180, LXIV, p. ; c15 cm. aES-MaACLjC-15292 bR.43218 c55347d55347 00104070aATENEOMbATENEOMcFICHd2008-01-17eSCl0oC-15292p1058150r2023-02-23 00:00:00w2023-02-23yMONOGRAFIA